| 000 | 00650nam a2200217 a 4500 | ||
|---|---|---|---|
| 005 | 20140310183457.0 | ||
| 008 | 040804s19uu xx 00 eng d | ||
| 020 | _a978-981-4232-50-0 | ||
| 050 |
_aQA 152.2 _b.Sw965 2002 |
||
| 100 | _aSwokoski, Earl W. | ||
| 245 |
_aAlgebra and trigonometry with analytic geometry / _cEarl W. Swokoski |
||
| 250 | _a10th ed. | ||
| 260 |
_aAustralia : _bCengage Learning, _c2002. |
||
| 300 |
_aA106 index, 890 p. : _bcol. ill. ; _c25 cm. |
||
| 500 | _aIncludes bibliography & index. | ||
| 650 | _aAlgebra. | ||
| 650 | _aTrigonometry. | ||
| 700 | _aCole, Jeffrey A. | ||
| 942 |
_cBK _2lcc _kFOR |
||
| 999 |
_c23651 _d23651 |
||